Zákony I/2004 daň z príjmov

Salvato in:
Dettagli Bibliografici
Natura: Libro
Lingua:slovacco
Pubblicazione: Žilina Poradca 2004
Serie:Poradca
Soggetti:
Tags: Aggiungi Tag
Nessun Tag, puoi essere il primo ad aggiungerne!!

MARC

LEADER 00000nam$a2200000$$$4500
001 0019335
005 20240318120943.9
022 |a 1335-1583 
041 0 |a slo 
044 |a SK 
245 1 0 |a Zákony I/2004  |b daň z príjmov 
264 1 |a Žilina  |b Poradca  |c 2004 
300 |a 592 s. 
490 1 |a Poradca 
830 0 |a Poradca 
610 2 0 |a predpisy právne 
610 2 0 |a legislatíva 
610 2 0 |a dane z príjmov 
610 2 0 |a dane z hodnoty pridanej 
610 2 0 |a dane spotrebné 
610 2 0 |a cestovné 
610 2 0 |a účtovníctvo 
610 2 0 |a postupy účtovné 
610 2 0 |a poplatky